| 000 | 00866cam a2200277 a 4500 | ||
|---|---|---|---|
| 999 |
_c19467 _d19467 |
||
| 001 | 2924993 | ||
| 003 | BDDh-ASL | ||
| 005 | 20231015025801.0 | ||
| 008 | 890306s1989 e af b 001 0 eng | ||
| 010 | _a 89005677 | ||
| 020 |
_a0394580729 : _c$22.50 |
||
| 040 |
_aDLC _cDLC _dBDDh-ASL |
||
| 043 | _aa-ja--- | ||
| 050 | 0 | 0 |
_aDS889.8 _b.B44 1989 |
| 082 | 0 | 0 |
_a952.033 _219 _bBEH |
| 100 | 1 |
_aBehr, Edward, _d1926-2007. |
|
| 245 | 1 | 0 |
_aHirohito : _bbehind the myth / _cEdward Behr. |
| 260 |
_aLondon : _bHamish Hamilton, _c1989. |
||
| 300 |
_avi, 486 p., [8] p. of plates : _bill. ; _c25 cm. |
||
| 500 | _aIncludes index. | ||
| 504 | _aIncludes bibliographical references (p. 403-405). | ||
| 600 | 0 | 0 |
_aHirohito, _cEmperor of Japan, _d1901-1989. |
| 650 | 0 |
_aEmperors _zJapan _xBiography. |
|
| 906 |
_a7 _bcbc _corignew _d1 _eocip _f19 _gy-gencatlg |
||
| 942 |
_2ddc _cBK |
||